Μάνατζμεντ : αρχές διοίκησης επιχειρήσεων

Saved in:
Bibliographic Details
Main Author: Χυτήρης, Λεωνίδας Σ.
Format: Book
Language:Greek
Published: Αθήνα : Interbooks, c2006
Subjects:
Tags: Add Tag
No Tags, Be the first to tag this record!

MARC

LEADER 00000nam a2200000 i 4500
001 1/12522
008 110321s2006 gre d
020 |a 960-390-165-2 
020 |a 978-618-80635-9-4 
035 |l 10109820 
040 |a GR-MY-UA  |b gre  |e aacr 
041 0 |a gre 
082 0 |a 658  |2 (22) 
100 1 |a Χυτήρης, Λεωνίδας Σ. 
245 1 0 |a Μάνατζμεντ :  |b αρχές διοίκησης επιχειρήσεων /  |c Λεωνίδας Σ. Χυτήρης 
260 |a Αθήνα :   |b Interbooks,   |c c2006 
300 |a 326 σ.;  |b εικ., πίν., σχέδια;  |c 25 εκ. 
504 |a Βιβλιογραφία: σ.313-326 
650 0 0 |a Management. 
852 |a INST  |b CHIOS  |e 20110321  |h 658 ΧΥΤ  |p 005200031296  |q 005200031296  |t BK  |y 4  |x 20170127 
852 |a INST  |b CHIOS  |c EUDOXUS  |e 20141212  |h 658 ΧΥΤ  |p 005200035805  |q 005200035805  |t BK  |y 0 
852 |a INST  |b CHIOS  |c EUDOXUS  |e 20170329  |h 658 ΧΥΤ  |p 005200038403  |q 005200038403  |t BK  |y 0 
852 |a INST  |b SAMOS  |c EUDOXUS  |e 20131010  |h 658 ΧΥΤ  |p 005300040670  |q 005300040670  |t EDX  |y 0 
901 |a BIBL3-2013-3  
920 |a Εύδοξος  |b Επιστροφή  |y Χίος  |z 2017-03 
901 |a BIBL2-2011-1 
901 |a BIBL2-2014-3 
909 |a Σ  |b 178752 
909 |a Χ  |b 149266 
909 |a Χ  |b 181079 
920 |a ΕΥΔΟΞΟΣ  |b ΠΑΡΑΓΓΕΛΙΑ-ΤΣΧΑΜ  |y ΣΑΜΟΣ  |z 2013-05 
920 |a ΕΥΔΟΞΟΣ  |y ΧΙΟΣ  |z 2011-03 
920 |a ΕΥΔΟΞΟΣ  |b ΠΑΡΑΓΓΕΛΙΑ  |y ΧΙΟΣ  |z 2014-12 
970 |a ΣΠΕΝΤΖΑ  |b ΕΛΕΝΗ  |z 2011/03/21